000 01212cam a2200325 a 4500
003 CHAP
005 20220329142505.0
008 010618d1999 mx r 000 spa d
010 _a84222
011 _a85194
035 _a95725
040 _cCHAP
100 0 0 _aPineda Mastachi, Georgina del Rosario.
_988160
245 0 0 _aEvaluación de características forrajeras de diferentes genotipos de soya (Glycine maz (L.) Merrill) en floración bajo fertilización
_c/por Georgina del Rosario Pineda Mastachi
260 _aCocula, Gro. :
_bEl autor,
_c1999.
300 _a65 h. :
_bcuadros
500 _aTesis (Ing. Agr. Fitotecnista) -- Colegio Superior Agropecuario del Estado de Guerrero
590 _aBATCH-UPD
_b10
_c20130110
_lUCH01
_h0544
590 _aBATCH-UPD
_b10
_c20130410
_lUCH01
_h0225
590 _aBATCH-UPD
_b10
_c20130914
_lUCH01
_h1427
590 _aCONVERSION
_b10
_c20130109
_lUCH01
_h1347
650 1 4 _aFertilizantes
_xEfecto en soya.
_940552
650 1 4 _aSoya como forraje.
_9109101
650 1 4 _aSoya
_xFloración.
_9109052
650 1 4 _aSoya
_xGenética.
_9109054
901 _aBK
905 _aLilia Sánchez G.
942 _cTESIS
949 _aTesis
_bBC
_cTES
_d957251
_eTS1
_h38245
_i95725
_sb
999 _c84222
_d84222